HUMAN ANATOMY AND PHYSIOLOGY (Record no. 26401)

MARC details
000 -LEADER
fixed length control field 00335nam a22001457a 4500
003 - CONTROL NUMBER IDENTIFIER
control field SGT
082 ## - DEWEY DECIMAL CLASSIFICATION NUMBER
Classification number 611
Item number H21C
100 ## - MAIN ENTRY--PERSONAL NAME
Personal name CHAUDHARY, S
245 ## - TITLE STATEMENT
Title HUMAN ANATOMY AND PHYSIOLOGY
260 ## - PUBLICATION, DISTRIBUTION, ETC. (IMPRINT)
Place of publication, distribution, etc PUNJAB
Name of publisher, distributor, etc S, VIKASH
Year of Publication 2021
300 ## - PAGE DESCRIPTION
No. of Pages 291
650 ## - SUBJECT ADDED ENTRY--TOPICAL TERM
Topical term or geographic name as entry element ANATOMY & PHYSIOLOGY
653 ## - KEYWORDS--INDEX TERM
Keyword term HUMAN, ANATOMY, PHYSIOLOGY
942 ## - ADDED ENTRY ELEMENTS (KOHA)
Source of classification or shelving scheme Dewey Decimal Classification
Koha item type Books
Holdings
Withdrawn status Lost status Source of classification or shelving scheme Damaged status Not for loan Collection code Home library Current library Shelving location Date acquired Cost, normal purchase price SGTU Total Checkouts Full call number Accession No. (Barcode) Date last seen Bill Date Koha item type
    Dewey Decimal Classification     PHARMACY SGT FA-FP Library SGT FA-FP Library Text Book 27/05/2024 355.00 SGTU   611 H21C FP4703 27/05/2024 27/05/2024 Books